[Event "Int. Stuttgarter Stadtmeisterschaft B"]
[Site "Ditzingen"]
[Date "2013.05.11"]
[Round "6.15"]
[White "Vogel, Karlheinz"]
[Black "Tölg, Wolfgang"]
[Result "1/2-1/2"]
[WhiteElo "1706"]
[BlackElo "1782"]
[PlyCount "39"]
[EventDate "2013.??.??"]
[WhiteTeam "TSV Untergruppenb."]
[BlackTeam "SF Oeffingen e.V."]

1. d4 f5 2. c4 e6 3. Nf3 c6 4. g3 d5 5. Qc2 Nf6 6. Bg2 Na6 7. O-O Bd6 8. c5 Be7
9. Bf4 Ne4 10. a3 O-O 11. b4 Bd7 12. Nc3 Nc7 13. Bxc7 Qxc7 14. Nxe4 fxe4 15.
Ne5 Bf6 16. Nxd7 Qxd7 17. e3 e5 18. dxe5 Bxe5 19. Rad1 Qg4 20. Qb3 1/2-1/2

[Event "Int. Stuttgarter Stadtmeisterschaft B"]
[Site "Ditzingen"]
[Date "2013.05.11"]
[Round "6.17"]
[White "Tsybulevsky, Juri"]
[Black "Rudhart, Michael"]
[Result "0-1"]
[WhiteElo "1676"]
[BlackElo "1890"]
[PlyCount "78"]
[EventDate "2013.??.??"]
[WhiteTeam "Stuttgarter SF 1879"]
[BlackTeam "DJK Stuttgart-Süd"]

1. d4 d5 2. g3 Nf6 3. Bg2 g6 4. c3 Bg7 5. Nd2 c6 6. Ngf3 Nbd7 7. Qc2 O-O 8. O-O
e5 9. e4 exd4 10. Nxd4 dxe4 11. Nxe4 Nxe4 12. Bxe4 Nc5 13. Be3 Nxe4 14. Qxe4
Bh3 15. Rfd1 Qe8 16. Qxe8 Rfxe8 17. Re1 h6 18. Rad1 Rad8 19. Nb3 b6 20. Rxd8
Rxd8 21. Nd4 Rc8 22. f3 c5 23. Ne2 Re8 24. Nf4 Bd7 25. Kf2 Bc6 26. Rd1 Re7 27.
Rd6 Bb5 28. Nd5 Re6 29. Rd8+ Re8 30. Rxe8+ Bxe8 31. f4 Kf8 32. g4 Bc6 33. c4
Bxd5 34. cxd5 Bxb2 35. Kf3 f5 36. gxf5 gxf5 37. Ke2 Ba3 38. Kd3 b5 39. Bf2 Ke7
0-1

[Event "Int. Stuttgarter Stadtmeisterschaft B"]
[Site "Ditzingen"]
[Date "2013.05.11"]
[Round "6.18"]
[White "Meissner, Michael"]
[Black "Weis, Olga"]
[Result "1-0"]
[WhiteElo "1885"]
[BlackElo "1676"]
[PlyCount "43"]
[EventDate "2013.??.??"]
[BlackTeam "OSG Baden-Baden"]

1. e4 e5 2. Nf3 Nc6 3. Bc4 Bc5 4. c3 Nf6 5. d3 d6 6. O-O O-O 7. Bb3 Be6 8. Bc2
a6 9. d4 exd4 10. cxd4 Bc4 11. dxc5 Bxf1 12. Qxf1 dxc5 13. Bg5 Qd6 14. Nc3 Rfe8
15. Rd1 Qe6 16. Bb3 Qg4 17. Qc4 Qh5 18. Bxf6 gxf6 19. Nd5 Qg6 20. Nh4 Qg7 21.
Nxc7 Na5 22. Nxe8 1-0

[Event "Int. Stuttgarter Stadtmeisterschaft B"]
[Site "Ditzingen"]
[Date "2013.05.11"]
[Round "6.19"]
[White "Degenhard, Simon"]
[Black "Klemens, Peter"]
[Result "1-0"]
[WhiteElo "1711"]
[BlackElo "1811"]
[PlyCount "47"]
[EventDate "2013.??.??"]
[WhiteTeam "SF HN-Biberach 1978 e.V."]
[BlackTeam "Karlsruher SF 1853"]

1. e4 c6 2. d4 d5 3. exd5 cxd5 4. c4 Nf6 5. Nc3 e6 6. Nf3 dxc4 7. Bxc4 a6 8.
Bg5 Be7 9. O-O O-O 10. a3 Nc6 11. Qd3 Qb6 12. Rfd1 Rd8 13. Qe3 Ng4 14. Qe2 Bxg5
15. Nxg5 Nf6 16. d5 exd5 17. Nxd5 Nxd5 18. Bxd5 Rf8 19. Nxf7 Nd8 20. Nxd8+ Kh8
21. Nf7+ Kg8 22. Qe4 g6 23. Ng5+ Kh8 24. Qe7 1-0

[Event "Int. Stuttgarter Stadtmeisterschaft B"]
[Site "Ditzingen"]
[Date "2013.05.11"]
[Round "6.21"]
[White "Helmbrecht, Kurt"]
[Black "Schreiber, Stephan"]
[Result "0-1"]
[WhiteElo "1657"]
[BlackElo "1779"]
[PlyCount "32"]
[EventDate "2013.??.??"]
[WhiteTeam "SV Fellbach"]
[BlackTeam "SC Schachmatt Botnang"]

1. e4 c5 2. Nf3 d6 3. d4 cxd4 4. Nxd4 Nf6 5. Nc3 a6 6. Nb3 e6 7. Be3 Be7 8. Bd3
Nbd7 9. O-O b5 10. a3 Bb7 11. f4 O-O 12. Qe2 Qc7 13. Rf3 Nc5 14. Rh3 Ncxe4 15.
g4 Nxc3 16. bxc3 Qc6 0-1

[Event "Int. Stuttgarter Stadtmeisterschaft B"]
[Site "Ditzingen"]
[Date "2013.05.11"]
[Round "6.22"]
[White "Kobald, Matthias"]
[Black "Zeitler, Waldemar"]
[Result "0-1"]
[WhiteElo "1774"]
[BlackElo "1523"]
[PlyCount "130"]
[EventDate "2013.??.??"]
[WhiteTeam "SV Stuttgart-Wolfbusch 1956 e.V."]
[BlackTeam "SC Gross-Sachsenheim"]

1. e4 e5 2. Nf3 d6 3. Bc4 Be6 4. Bb3 h6 5. d4 Bxb3 6. axb3 Nd7 7. dxe5 Nxe5 8.
Nxe5 dxe5 9. Qxd8+ Kxd8 10. O-O a6 11. Nc3 Nf6 12. Rd1+ Bd6 13. h3 Ke7 14. Be3
Rad8 15. f3 Bb4 16. Kf2 Bxc3 17. bxc3 Rxd1 18. Rxd1 Rd8 19. Bc5+ Ke8 20. Rd3
Rd7 21. c4 b6 22. Bb4 Rxd3 23. cxd3 c5 24. Bc3 Nd7 25. Ke3 a5 26. g3 f6 27. f4
Ke7 28. fxe5 fxe5 29. h4 h5 30. Kf3 g6 31. Bd2 Kd6 32. g4 Nb8 33. gxh5 gxh5 34.
Bc3 Nc6 35. Ke2 Kc7 36. Ke3 Kb7 37. Kf3 Ka6 38. Ke2 b5 39. Kd2 b4 40. Bb2 Kb6
41. Ke2 Kc7 42. Kf3 Kd6 43. Ke2 Ke6 44. Kd1 Kd6 45. Kc2 Kc7 46. Kd1 Kb6 47. Kc2
Kc7 48. Kd1 Kd7 49. Kc2 Ke7 50. Kd1 Kf6 51. Ke2 Nd8 52. Bc1 Ne6 53. Be3 Ke7 54.
Kd1 Kd6 55. Kc2 Kc6 56. Bh6 Kd6 57. Kb2 Ke7 58. Kc2 Kf6 59. Kd1 Nd4 60. Bg5+
Ke6 61. Bd8 Nxb3 62. Bb6 a4 63. Kc2 Kd6 64. Kb2 Nd4 65. Bd8 Nf3 0-1

[Event "Int. Stuttgarter Stadtmeisterschaft B"]
[Site "Ditzingen"]
[Date "2013.05.11"]
[Round "6.23"]
[White "Sampalla, Simon"]
[Black "Zerweck, Christoph"]
[Result "0-1"]
[WhiteElo "1473"]
[BlackElo "1774"]
[PlyCount "50"]
[EventDate "2013.??.??"]
[WhiteTeam "SC Gross-Sachsenheim"]
[BlackTeam "SV Herrenberg e.V."]

1. d4 Nf6 2. c4 g6 3. Nc3 Bg7 4. Nf3 O-O 5. e3 d6 6. Bd3 Nbd7 7. Qc2 e5 8. d5
Nc5 9. e4 Nfxe4 10. Nxe4 Nxe4 11. Bxe4 f5 12. a3 fxe4 13. Qxe4 Bf5 14. Qe3 Qf6
15. Qg5 Bd3 16. Qxf6 Bxf6 17. Nd2 e4 18. Ra2 Bd4 19. f3 e3 20. b3 Bc3 21. Kd1
exd2 22. Bxd2 Bxd2 23. Rxd2 Bf5 24. g4 Bd7 25. Rf1 Rae8 0-1

[Event "Int. Stuttgarter Stadtmeisterschaft B"]
[Site "Ditzingen"]
[Date "2013.05.11"]
[Round "6.24"]
[White "Kappus, Holger"]
[Black "Zeh, Dominik"]
[Result "0-1"]
[WhiteElo "1459"]
[BlackElo "1763"]
[PlyCount "60"]
[EventDate "2013.??.??"]
[WhiteTeam "SC Pforzheim 1906"]
[BlackTeam "Stuttgarter SF 1879"]

1. f4 d5 2. e3 c5 3. Be2 Nf6 4. Nf3 Nc6 5. b3 g6 6. Bb2 Bg7 7. Ne5 O-O 8. d3
Nxe5 9. Bxe5 b6 10. Bf3 Bb7 11. O-O Ne8 12. Bxg7 Nxg7 13. g4 e5 14. Nd2 f5 15.
g5 Ne6 16. Bg2 Qd6 17. Qf3 exf4 18. exf4 Nd4 19. Qd1 Rfe8 20. Bf3 Re3 21. c3
Nxf3+ 22. Rxf3 Qe6 23. Kf2 d4 24. cxd4 cxd4 25. Rg3 Rxg3 26. Kxg3 Re8 27. Nf3
Qd5 28. Kf2 Re3 29. Ne1 Qh1 30. Nf3 Rxf3+ 0-1

[Event "Int. Stuttgarter Stadtmeisterschaft B"]
[Site "Ditzingen"]
[Date "2013.05.11"]
[Round "6.26"]
[White "Steinmassl, Guido"]
[Black "Pocrnic, Josip"]
[Result "0-1"]
[WhiteElo "1599"]
[BlackElo "1865"]
[PlyCount "66"]
[EventDate "2013.??.??"]
[WhiteTeam "SK e4 Gerlingen"]
[BlackTeam "SF 1954 Conweiler e.V."]

1. d4 Nf6 2. c4 g6 3. g3 c6 4. Nf3 d5 5. c5 b6 6. a3 Bg7 7. Nc3 O-O 8. Bg2 Nbd7
9. e4 dxe4 10. Ng5 bxc5 11. dxc5 Nxc5 12. Qxd8 Rxd8 13. O-O Nb3 14. Rb1 Ba6 15.
Bxe4 Nxe4 16. Ngxe4 Bxf1 17. Kxf1 f5 18. Ng5 Rd3 19. Ke2 Rad8 20. Ne6 Nxc1+ 21.
Rxc1 Rd2+ 22. Kf1 R8d6 23. Nxg7 Kxg7 24. Re1 Kf6 25. g4 Rxb2 26. g5+ Kf7 27.
Nd1 Ra2 28. Ne3 Rdd2 29. Nc4 Rxf2+ 30. Kg1 Rg2+ 31. Kh1 Rxh2+ 32. Kg1 Rag2+ 33.
Kf1 Rh1+ 0-1

[Event "Int. Stuttgarter Stadtmeisterschaft B"]
[Site "Ditzingen"]
[Date "2013.05.11"]
[Round "6.27"]
[White "Gottwald, Helmut"]
[Black "Ellinger, Harald"]
[Result "1/2-1/2"]
[WhiteElo "1582"]
[BlackElo "1854"]
[PlyCount "87"]
[EventDate "2013.??.??"]
[WhiteTeam "SV Dicker Turm Esslingen"]
[BlackTeam "SK e4 Gerlingen"]

1. Nf3 Nf6 2. c4 e6 3. b3 d5 4. cxd5 exd5 5. Ba3 Bxa3 6. Nxa3 O-O 7. g3 c6 8.
Nc2 Re8 9. Bg2 Bg4 10. O-O Qe7 11. Re1 Nbd7 12. Ne3 Bxf3 13. Bxf3 g6 14. Rc1
Ne5 15. Bg2 Rad8 16. d4 Neg4 17. Nxg4 Nxg4 18. Bf3 Nf6 19. e3 Ne4 20. Bxe4 dxe4
21. Rc5 Rd6 22. Qc2 Qf6 23. Qe2 h5 24. Rec1 Kg7 25. h4 b6 26. R5c2 Kh6 27. Kg2
Rdd8 28. b4 b5 29. Rc5 Re6 30. Qd1 a6 31. Qe2 Rd5 32. Rf1 Rxc5 33. dxc5 Qc3 34.
Qe1 Qe5 35. Qa1 Qxa1 36. Rxa1 Kg7 37. a4 Kf6 38. axb5 axb5 39. Rd1 Ke7 40. Rd4
f5 41. Kf1 Ke8 42. Kg2 Ke7 43. f4 Ke8 44. Rd1 1/2-1/2

[Event "Int. Stuttgarter Stadtmeisterschaft B"]
[Site "Ditzingen"]
[Date "2013.05.11"]
[Round "6.28"]
[White "Schreiber, Winfried"]
[Black "Shahisavandi, Abdollah"]
[Result "1-0"]
[WhiteElo "1573"]
[BlackElo "1833"]
[PlyCount "67"]
[EventDate "2013.??.??"]
[BlackTeam "Karlsruher SF 1853"]

1. c4 e5 2. Nc3 Nf6 3. Nf3 Nc6 4. g3 g6 5. Bg2 Bg7 6. O-O O-O 7. d3 d6 8. Bg5
h6 9. Bd2 Be6 10. b3 Qd7 11. Re1 Bh3 12. Bh1 d5 13. Rb1 Rad8 14. cxd5 Nxd5 15.
Nxd5 Qxd5 16. Ng5 Qd7 17. Nxh3 Qxh3 18. Bxc6 bxc6 19. Qc1 Rfe8 20. Qxc6 Rd7 21.
Rbc1 Bf8 22. Rc4 Be7 23. Ra4 h5 24. Qg2 Qe6 25. Rxa7 e4 26. Ra4 exd3 27. exd3
Qf5 28. Qe4 Rxd3 29. Bb4 Qxe4 30. Rxe4 Kf8 31. Bxe7+ Kg8 32. Bf6 Rd1+ 33. Kg2
Re1 34. Rxe1 1-0

[Event "Int. Stuttgarter Stadtmeisterschaft B"]
[Site "Ditzingen"]
[Date "2013.05.11"]
[Round "6.29"]
[White "Dallinger, Moritz"]
[Black "Strauss, Martin"]
[Result "1-0"]
[WhiteElo "1528"]
[BlackElo "1792"]
[PlyCount "117"]
[EventDate "2013.??.??"]
[WhiteTeam "SV Stuttgart-Wolfbusch 1956 e.V."]
[BlackTeam "SC Sillenbuch"]

1. e4 e5 2. Nf3 Nc6 3. Bb5 Nf6 4. O-O Nxe4 5. Nxe5 Nxe5 6. Re1 Be7 7. Rxe4 Ng6
8. d4 c6 9. Bd3 d5 10. Re1 O-O 11. Nd2 Bd6 12. Nf3 Bg4 13. h3 Bxf3 14. Qxf3 Qf6
15. Qxf6 gxf6 16. g3 Rfe8 17. Bd2 a6 18. h4 Nf8 19. c3 Rad8 20. Re3 Rxe3 21.
Bxe3 Re8 22. Kg2 Ne6 23. Bf5 Ng7 24. Bd3 Nh5 25. Re1 Ng7 26. Kf1 b5 27. Bd2 Re6
28. Bh6 f5 29. Bxg7 Kxg7 30. Bxf5 Rf6 31. g4 h5 32. Ke2 hxg4 33. Bxg4 Rf4 34.
Rg1 Kh6 35. Bd7 c5 36. Rg4 cxd4 37. Rxf4 Bxf4 38. cxd4 Kh5 39. Be8 Kg6 40. Bc6
Bc1 41. b3 f6 42. Bxd5 Kh5 43. Bb7 a5 44. d5 Bf4 45. Kf3 Be5 46. Ke4 Kxh4 47.
f4 Bd6 48. Kf5 Kg3 49. Kxf6 Kxf4 50. Ke6 Bf8 51. d6 Bh6 52. Ke7 b4 53. d7 Bg5+
54. Ke8 Ke3 55. d8=Q Bxd8 56. Kxd8 Kd3 57. Kc7 Kc2 58. Kb6 Kb2 59. Kxa5 1-0

[Event "Int. Stuttgarter Stadtmeisterschaft B"]
[Site "Ditzingen"]
[Date "2013.05.11"]
[Round "6.30"]
[White "Eylandt, Guenter"]
[Black "Wenzel, Ulrich"]
[Result "1-0"]
[WhiteElo "1504"]
[BlackElo "1767"]
[PlyCount "47"]
[EventDate "2013.??.??"]
[WhiteTeam "SV Rottweil"]
[BlackTeam "TSF Ditzingen"]

1. c4 c5 2. Nc3 g6 3. g3 Bg7 4. Bg2 Nc6 5. Nf3 d6 6. O-O Bd7 7. e3 Nf6 8. d4
cxd4 9. exd4 O-O 10. Re1 Re8 11. Be3 b6 12. Qd2 Ng4 13. Rad1 Nxe3 14. fxe3 Bg4
15. Qf2 Qc8 16. Rd2 Bxf3 17. Qxf3 Nb4 18. a3 Na6 19. b3 Nc5 20. Nd5 Nxb3 21.
Rf2 Rb8 22. Qxf7+ Kh8 23. Nxe7 Qc7 24. Nxg6+ 1-0

[Event "Int. Stuttgarter Stadtmeisterschaft B"]
[Site "Ditzingen"]
[Date "2013.05.11"]
[Round "6.31"]
[White "Wübbens, Carsten"]
[Black "Weis, Oleg"]
[Result "1/2-1/2"]
[WhiteElo "1516"]
[BlackElo "1703"]
[PlyCount "35"]
[EventDate "2013.??.??"]
[WhiteTeam "SF Freiberg"]

1. d4 d5 2. c4 e6 3. Nc3 Nf6 4. Bg5 Be7 5. Nf3 Nc6 6. e3 O-O 7. a3 Ne4 8. Bxe7
Nxe7 9. Bd3 Nxc3 10. bxc3 c6 11. O-O f5 12. Qc2 Ng6 13. cxd5 exd5 14. Rab1 Nh4
15. Nxh4 Qxh4 16. g3 Qh3 17. f4 Rf6 18. Rb2 1/2-1/2

[Event "Int. Stuttgarter Stadtmeisterschaft B"]
[Site "Ditzingen"]
[Date "2013.05.11"]
[Round "6.32"]
[White "Peng, Yimeh-Stella"]
[Black "Gheng, Christian"]
[Result "1-0"]
[WhiteElo "1400"]
[BlackElo "1696"]
[PlyCount "87"]
[EventDate "2013.??.??"]
[WhiteTeam "TSG Öhringen"]
[BlackTeam "TSV Schönaich"]

1. d4 Nf6 2. Bf4 d6 3. e3 c5 4. Nf3 Bd7 5. Be2 Qb6 6. Qc1 Nd5 7. Bg3 g6 8. c4
Qa5+ 9. Qd2 Qxd2+ 10. Nfxd2 Nb4 11. Na3 N8c6 12. Nf3 Bg7 13. Rd1 O-O 14. O-O
Nxa2 15. dxc5 Bxb2 16. Nb1 Nc3 17. Nxc3 Bxc3 18. cxd6 exd6 19. Bxd6 Rfe8 20.
Rc1 Be5 21. Nxe5 Nxe5 22. Rfd1 Bc6 23. Rd2 Rac8 24. Rb2 Red8 25. Bxe5 Bd5 26.
h3 Re8 27. Bd4 a6 28. Rc3 Bc6 29. c5 Rcd8 30. Bf6 Rd7 31. Bg4 Rd5 32. Bf3 Rf5
33. Bxc6 bxc6 34. Bd4 Rc8 35. Rcb3 Rd5 36. Rb6 a5 37. Ra2 Rd7 38. Rxa5 Kf8 39.
Raa6 Ke8 40. Rxc6 Rxc6 41. Rxc6 Ra7 42. Rb6 Kd7 43. Kf1 f5 44. Rb2 1-0

[Event "Int. Stuttgarter Stadtmeisterschaft B"]
[Site "Ditzingen"]
[Date "2013.05.11"]
[Round "6.33"]
[White "Zeldin, Boris"]
[Black "Lehnhardt, Julian"]
[Result "1-0"]
[WhiteElo "1633"]
[BlackElo "1425"]
[PlyCount "42"]
[EventDate "2013.??.??"]
[WhiteTeam "SV Rottweil"]
[BlackTeam "SV Weil der Stadt"]

1. d4 Nf6 2. c4 e6 3. Nc3 Bb4 4. Bd2 b6 5. a3 Bxc3 6. Bxc3 Bb7 7. f3 d5 8. e3
O-O 9. Bd3 c5 10. Ne2 Nc6 11. O-O Qc7 12. dxc5 Ne5 13. cxb6 Qxb6 14. Bd4 Qc7
15. c5 Nxd3 16. Qxd3 e5 17. Bc3 e4 18. Qd4 Ba6 19. Rae1 Rfe8 20. f4 Qd7 21. f5
Re5 1-0

[Event "Int. Stuttgarter Stadtmeisterschaft B"]
[Site "Ditzingen"]
[Date "2013.05.11"]
[Round "6.34"]
[White "Zaytsev, Evgeny"]
[Black "Mihalache, Victor"]
[Result "1/2-1/2"]
[WhiteElo "1733"]
[BlackElo "1334"]
[PlyCount "48"]
[EventDate "2013.??.??"]
[WhiteTeam "Stuttgarter SF 1879"]
[BlackTeam "SF 59 Kornwestheim"]

1. e4 e5 2. Nf3 Nc6 3. Bb5 Nf6 4. O-O d6 5. Re1 Bd7 6. c3 a6 7. Ba4 Be7 8. d4
b5 9. Bc2 O-O 10. h3 Re8 11. d5 Na5 12. Nbd2 c6 13. b4 Nb7 14. dxc6 Bxc6 15.
Bb3 h6 16. Nh4 Nxe4 17. Bxf7+ Kxf7 18. Qh5+ Kg8 19. Nxe4 Bxh4 20. Bxh6 gxh6 21.
Qg6+ Kf8 22. Qxh6+ Kf7 23. Qh5+ Ke6 24. Qg4+ Kf7 1/2-1/2

[Event "Int. Stuttgarter Stadtmeisterschaft B"]
[Site "Ditzingen"]
[Date "2013.05.11"]
[Round "6.35"]
[White "Mejerski, Stephan"]
[Black "Gheng, Hannelore"]
[Result "1/2-1/2"]
[WhiteElo "1664"]
[BlackElo "1691"]
[PlyCount "51"]
[EventDate "2013.??.??"]
[WhiteTeam "SK Schmiden/Cannstatt"]
[BlackTeam "SF Deizisau"]

1. e4 c5 2. Nc3 Nc6 3. Bc4 Nf6 4. f4 a6 5. Nf3 b5 6. Bd5 Nxd5 7. Nxd5 e6 8. Nc3
d5 9. e5 Bb7 10. d3 Be7 11. O-O Qb6 12. Kh1 O-O-O 13. Ne2 Rdg8 14. Be3 d4 15.
Bd2 h6 16. Ng3 g5 17. Nh5 g4 18. Ne1 Bh4 19. Kg1 Ne7 20. Qe2 Nf5 21. g3 Qc6 22.
Ng2 Be7 23. Rf2 Ng7 24. Qxg4 Nf5 25. Qh3 Bh4 26. Re1 1/2-1/2

[Event "Int. Stuttgarter Stadtmeisterschaft B"]
[Site "Ditzingen"]
[Date "2013.05.11"]
[Round "6.37"]
[White "Gheng, Dominik"]
[Black "Weisensel, Wolfgang"]
[Result "1/2-1/2"]
[WhiteElo "1635"]
[BlackElo "1685"]
[PlyCount "125"]
[EventDate "2013.??.??"]
[WhiteTeam "TSV Schönaich"]
[BlackTeam "Stuttgarter SF 1879"]

1. e4 Nf6 2. e5 Nd5 3. d4 d6 4. Bc4 Nb6 5. Bb3 dxe5 6. Qf3 e6 7. dxe5 Nc6 8.
Qe2 Nd4 9. Qd2 Nxb3 10. Qxd8+ Kxd8 11. axb3 c6 12. Be3 Kc7 13. Nc3 Bb4 14. Nge2
Bd7 15. O-O a6 16. Na4 Nxa4 17. bxa4 a5 18. c3 Be7 19. Nd4 Rhd8 20. Rfb1 c5 21.
Nc2 b6 22. b4 axb4 23. cxb4 Rxa4 24. bxc5 Bxc5 25. Bxc5 bxc5 26. h3 Rda8 27.
Rxa4 Rxa4 28. Ne3 Re4 29. Kh2 Rxe5 30. Nc4 Re4 31. Rb7+ Kxb7 32. Nd6+ Kb6 33.
Nxe4 h6 34. Kg3 Kc6 35. Kf3 Kd5 36. Ke3 Bb5 37. Nc3+ Kc6 38. g4 Ba6 39. f4 f5
40. Kd2 Bf1 41. gxf5 exf5 42. h4 Kd6 43. Ke1 Bc4 44. Kf2 Bd3 45. Ke3 Ba6 46.
Na4 Kd5 47. Nb6+ Kc6 48. Na4 Bb7 49. Nc3 g6 50. Kd3 Ba6+ 51. Ke3 Bf1 52. Kf2
Bh3 53. Ke3 Bg4 54. Kd3 h5 55. Ke3 Kb6 56. Kd3 Kc6 57. Ke3 Bh3 58. Kd3 Bf1+ 59.
Ke3 c4 60. Kd4 Bd3 61. Nd5 Kd6 62. Ne3 Ke6 63. Nxc4 1/2-1/2

[Event "Int. Stuttgarter Stadtmeisterschaft B"]
[Site "Ditzingen"]
[Date "2013.05.11"]
[Round "6.39"]
[White "Pillath, Marcus"]
[Black "Fürderer, Carl"]
[Result "1/2-1/2"]
[WhiteElo "1654"]
[BlackElo "1586"]
[PlyCount "82"]
[EventDate "2013.??.??"]
[WhiteTeam "SGem Vaihingen-Rohr"]
[BlackTeam "SC Weisse Dame Ulm e.V."]

1. Nf3 f5 2. d4 Nf6 3. Bf4 Nc6 4. e3 e6 5. c3 Be7 6. Nbd2 O-O 7. h3 b6 8. Bd3
d5 9. Ne5 Nxe5 10. Bxe5 c5 11. O-O Bd6 12. Bxd6 Qxd6 13. Nf3 Nd7 14. a3 Bb7 15.
Rc1 e5 16. dxe5 Nxe5 17. Nxe5 Qxe5 18. Be2 Rad8 19. Bf3 Bc6 20. Re1 Rd6 21. Qc2
Rg6 22. c4 Rd8 23. cxd5 Bxd5 24. Bxd5+ Qxd5 25. f4 Qf7 26. Red1 Rgd6 27. Rxd6
Rxd6 28. b3 Qe7 29. Re1 g6 30. Qc4+ Kg7 31. Qc3+ Kh6 32. Qc2 Re6 33. Qf2 b5 34.
g4 c4 35. g5+ Kg7 36. Qb2+ Kf7 37. Qh8 Qxa3 38. Qxh7+ Ke8 39. Qg8+ Ke7 40. Qg7+
Ke8 41. Qg8+ Ke7 1/2-1/2

[Event "Int. Stuttgarter Stadtmeisterschaft B"]
[Site "Ditzingen"]
[Date "2013.05.11"]
[Round "6.40"]
[White "Nagel, Armin"]
[Black "Winkler, Alex"]
[Result "0-1"]
[WhiteElo "1600"]
[BlackElo "1590"]
[PlyCount "66"]
[EventDate "2013.??.??"]
[WhiteTeam "SC BW Kirchentellinsfurt"]
[BlackTeam "SF Deizisau"]

1. d4 d5 2. Nc3 Nf6 3. Bg5 Nc6 4. e3 Bf5 5. Nf3 e6 6. Bb5 Bb4 7. O-O O-O 8. Bd3
Re8 9. Bxf5 exf5 10. Qd3 Bxc3 11. Qxc3 Ne4 12. Qxc6 bxc6 13. Bxd8 Raxd8 14. Ne5
Rd6 15. c4 Rh6 16. c5 Nxc5 17. Nxf7 Kxf7 18. dxc5 g5 19. Rfe1 Re4 20. g3 Rhe6
21. Rac1 f4 22. Kf1 fxe3 23. fxe3 Rxe3 24. Rxe3 Rxe3 25. Kf2 Re4 26. Kf3 g4+
27. Kf2 Ke6 28. b3 d4 29. Rd1 Kd5 30. b4 Kc4 31. a3 d3 32. Rd2 Kc3 33. Ra2 d2
0-1

[Event "Int. Stuttgarter Stadtmeisterschaft B"]
[Site "Ditzingen"]
[Date "2013.05.12"]
[Round "7.1"]
[White "Kleih, Julian"]
[Black "Paschmann, Stefan"]
[Result "1/2-1/2"]
[WhiteElo "1713"]
[BlackElo "1886"]
[PlyCount "25"]
[EventDate "2013.??.??"]
[WhiteTeam "SV Dettingen Erms"]
[BlackTeam "Krefelder Schachklub Turm 1851 e"]

1. d4 d5 2. c4 c6 3. Nf3 Nf6 4. g3 dxc4 5. a4 Bf5 6. Nc3 e6 7. Bg2 Bb4 8. O-O
h6 9. Ne5 O-O 10. Nxc4 Bh7 11. e3 Nbd7 12. a5 Rb8 13. Bd2 1/2-1/2

[Event "Int. Stuttgarter Stadtmeisterschaft B"]
[Site "Ditzingen"]
[Date "2013.05.12"]
[Round "7.2"]
[White "Pudmensky, Stefan"]
[Black "Luft, Jakob"]
[Result "0-1"]
[WhiteElo "1829"]
[BlackElo "1874"]
[PlyCount "60"]
[EventDate "2013.??.??"]
[WhiteTeam "SF Oeffingen e.V."]
[BlackTeam "SF Oeffingen e.V."]

1. d4 Nf6 2. c4 e6 3. Nf3 d5 4. Nc3 Nbd7 5. cxd5 exd5 6. Bg5 c6 7. e3 Qa5 8.
Bxf6 Nxf6 9. Bd3 Ne4 10. Qc2 f5 11. O-O Bd6 12. Ne1 Qc7 13. g3 h5 14. f4 h4 15.
Bxe4 fxe4 16. Rf2 hxg3 17. hxg3 Rh3 18. Ne2 Bg4 19. Rh2 Rxh2 20. Kxh2 O-O-O 21.
Ng2 Rh8+ 22. Kg1 Qf7 23. Kf2 Rh2 24. Ng1 Qh5 25. Qc1 Bf3 26. Qf1 Rxg2+ 27. Qxg2
Bxg2 28. Kxg2 Bb4 29. a4 Bd2 30. Ra3 Qd1 0-1

[Event "Int. Stuttgarter Stadtmeisterschaft B"]
[Site "Ditzingen"]
[Date "2013.05.12"]
[Round "7.3"]
[White "Streicher, Traugott"]
[Black "Rühl, Volker"]
[Result "1-0"]
[WhiteElo "1865"]
[BlackElo "1817"]
[PlyCount "93"]
[EventDate "2013.??.??"]
[WhiteTeam "TSG Steinheim"]
[BlackTeam "VfL Sindelfingen"]

1. e4 c5 2. c3 Nf6 3. e5 Nd5 4. d4 cxd4 5. Qxd4 e6 6. Nf3 Nc6 7. Qe4 d6 8. Bb5
Qc7 9. O-O Bd7 10. exd6 Qxd6 11. Bg5 Nf6 12. Qe2 Qc7 13. Nbd2 Be7 14. Rfd1 a6
15. Ba4 b5 16. Bb3 O-O 17. Rac1 Na5 18. Bc2 Rfd8 19. Ne4 Bc6 20. Nxf6+ Bxf6 21.
Bxf6 gxf6 22. Nd4 Rd5 23. Be4 Re5 24. Nxc6 Nxc6 25. Qf3 Rc8 26. Bxc6 Qxc6 27.
Qxf6 Rd5 28. Rd4 Rxd4 29. Qxd4 Qc4 30. Qxc4 Rxc4 31. b3 Rc5 32. Kf1 Kg7 33. c4
b4 34. Ke2 Kf6 35. Kd3 e5 36. Ke4 Ke6 37. g4 f6 38. Rc2 h5 39. f3 Rc7 40. c5
Rc6 41. h4 Kf7 42. Kd5 Rc8 43. c6 Rd8+ 44. Kc5 hxg4 45. fxg4 Ke6 46. c7 Rc8 47.
Kb6 1-0

[Event "Int. Stuttgarter Stadtmeisterschaft B"]
[Site "Ditzingen"]
[Date "2013.05.12"]
[Round "7.4"]
[White "Graf, Maximilian"]
[Black "Viehoff, Jürgen"]
[Result "0-1"]
[WhiteElo "1731"]
[BlackElo "1848"]
[PlyCount "108"]
[EventDate "2013.??.??"]
[WhiteTeam "SK e4 Gerlingen"]
[BlackTeam "SC Stetten a.d.F."]

1. e4 c6 2. d4 d5 3. Nc3 a6 4. Nf3 Bg4 5. exd5 cxd5 6. h3 Bh5 7. Be2 Nc6 8. Bf4
e6 9. Ne5 Bxe2 10. Nxc6 Bxd1 11. Nxd8 Rxd8 12. Rxd1 Bb4 13. Rd3 Nf6 14. f3 Rc8
15. Bd2 Kd7 16. Kf2 Rc6 17. a3 Bd6 18. Re1 Rhc8 19. f4 g6 20. g4 b5 21. Rf3
Ne4+ 22. Nxe4 dxe4 23. Rc3 Rxc3 24. Bxc3 Bxa3 25. Rxe4 b4 26. bxa3 Rxc3 27.
axb4 Rxc2+ 28. Re2 Rc4 29. Ke3 Rxb4 30. Ra2 Rb3+ 31. Ke4 f5+ 32. gxf5 gxf5+ 33.
Ke5 Ke7 34. d5 Rb5 35. Kd4 Rxd5+ 36. Kc4 Rd6 37. Kc5 Rd3 38. Rxa6 Rxh3 39. Ra7+
Kf6 40. Kd6 Rd3+ 41. Kc5 h5 42. Rh7 Kg6 43. Rh8 Rd1 44. Re8 Kf7 45. Rh8 Rh1 46.
Kd6 h4 47. Rh7+ Kg6 48. Rh8 Kg7 49. Rh5 Kg6 50. Rh8 h3 51. Kxe6 h2 52. Rg8+ Kh7
53. Rg3 Re1+ 54. Kf6 h1=Q 0-1

[Event "Int. Stuttgarter Stadtmeisterschaft B"]
[Site "Ditzingen"]
[Date "2013.05.12"]
[Round "7.6"]
[White "Rieder, Josef"]
[Black "Reichardt, Bernd"]
[Result "1/2-1/2"]
[WhiteElo "1818"]
[BlackElo "1814"]
[PlyCount "39"]
[EventDate "2013.??.??"]
[WhiteTeam "Stuttgarter SF 1879"]
[BlackTeam "SF Markgräflerland e."]

1. e4 e5 2. Nf3 Nf6 3. Nc3 Nc6 4. Bb5 d6 5. d4 exd4 6. Nxd4 Bd7 7. Nxc6 bxc6 8.
Be2 Be6 9. Bg5 Be7 10. O-O Nd7 11. Bxe7 Qxe7 12. f4 f6 13. Bf3 O-O 14. b3 Bf7
15. Qe2 d5 16. Na4 Nb6 17. Nxb6 axb6 18. a4 Qc5+ 19. Kh1 Rfe8 20. Qd3 1/2-1/2

[Event "Int. Stuttgarter Stadtmeisterschaft B"]
[Site "Ditzingen"]
[Date "2013.05.12"]
[Round "7.7"]
[White "Hahn, Martin"]
[Black "Hornung, Richard"]
[Result "1/2-1/2"]
[WhiteElo "1763"]
[BlackElo "1767"]
[PlyCount "31"]
[EventDate "2013.??.??"]
[WhiteTeam "SF Oeffingen e.V."]
[BlackTeam "SG Schwabing München Nord e.V."]

1. Nf3 Nf6 2. d4 d5 3. c4 e6 4. g3 Be7 5. Bg2 O-O 6. O-O c6 7. Qc2 Ne4 8. Bf4
Nd7 9. Nbd2 Ndf6 10. a3 a5 11. Rac1 Bd6 12. Bxd6 Qxd6 13. c5 Qc7 14. Ne5 Nxd2
15. Qxd2 Nd7 16. f4 1/2-1/2

[Event "Int. Stuttgarter Stadtmeisterschaft B"]
[Site "Ditzingen"]
[Date "2013.05.12"]
[Round "7.8"]
[White "Hamm, Julian"]
[Black "Piskaykin, Bogdan"]
[Result "1-0"]
[WhiteElo "1750"]
[BlackElo "1586"]
[PlyCount "83"]
[EventDate "2013.??.??"]
[WhiteTeam "Mönchfelder SV 1967"]
[BlackTeam "SV Friedrichshafen"]

1. c4 c5 2. Nc3 Nf6 3. g3 d5 4. cxd5 Nxd5 5. Bg2 Nc7 6. Nf3 Nc6 7. O-O e5 8. d3
Be7 9. Bd2 O-O 10. Rb1 Rb8 11. a3 f6 12. Ne1 Be6 13. b3 Qd7 14. Kh1 Rfd8 15. f4
b5 16. Nf3 a5 17. Ne4 Bd6 18. fxe5 fxe5 19. Qc1 Na6 20. Nfg5 Rf8 21. Nxe6 Qxe6
22. Ng5 Qd7 23. Bd5+ Kh8 24. Nf7+ Rxf7 25. Rxf7 Be7 26. e4 Nd8 27. Rf3 Nc7 28.
Qf1 Nde6 29. Bxe6 Nxe6 30. Bxa5 b4 31. axb4 cxb4 32. Rc1 Nc5 33. Bxb4 Nxb3 34.
Bxe7 Qxe7 35. Rc7 Qb4 36. Rcf7 Rg8 37. Rxg7 Nd2 38. Rxh7+ Kxh7 39. Qh3+ Kg6 40.
Qg4+ Kh6 41. Rf6+ Kh7 42. Qh5+ 1-0